Digital design / (Record no. 189049)

000 -LEADER
fixed length control field 01257 a2200253 4500
003 - CONTROL NUMBER IDENTIFIER
control field Nust
005 - DATE AND TIME OF LATEST TRANSACTION
control field 20221228112808.0
010 ## - LIBRARY OF CONGRESS CONTROL NUMBER
LC control number 2007274820
020 ## - INTERNATIONAL STANDARD BOOK NUMBER
International Standard Book Number 9788131714508
040 ## - CATALOGING SOURCE
Transcribing agency Nust
082 ## - DEWEY DECIMAL CLASSIFICATION NUMBER
Classification number 621.395,MAN
100 1# - MAIN ENTRY--PERSONAL NAME
Personal name Mano, M. Morris,
245 10 - TITLE STATEMENT
Title Digital design /
Statement of responsibility, etc. M. Morris Mano.
250 ## - EDITION STATEMENT
Edition statement 4th ed.
260 ## - PUBLICATION, DISTRIBUTION, ETC.
Place of publication, distribution, etc. Upper Saddle River, NJ :
Name of publisher, distributor, etc. Prentice-Hall,
Date of publication, distribution, etc. c2007
300 ## - PHYSICAL DESCRIPTION
Extent xv, 608 p. :
Other physical details ill. ;
Dimensions 25 cm.
505 ## - FORMATTED CONTENTS NOTE
Formatted contents note Digital Systems and Binary Numbers (Page-1), Boolean Algebra and Logic Gates (Page-34), Gate-Level Minimization (Page-67), Combinational Logic (Page-135), Synchronous Sequential Logic (Page-197), Registers and Counters (Page-253), Memory and Programmable Logic (Page-307), Design at the Register Transfer Level (Page-355), Asynchronous Sequential Logic (Page-434), Digital Integrated Circuits (Page-486), Laboratory Experiments with Standard ICs and FPGAs (Page-524), Standard Graphic Symbols (Page-573).
650 #0 - SUBJECT ADDED ENTRY--TOPICAL TERM
Topical term or geographic name entry element Digital integrated circuits.
9 (RLIN) 61563
650 #0 - SUBJECT ADDED ENTRY--TOPICAL TERM
Topical term or geographic name entry element Electronic digital computers
General subdivision Circuits.
9 (RLIN) 36507
650 #0 - SUBJECT ADDED ENTRY--TOPICAL TERM
Topical term or geographic name entry element Logic circuits.
9 (RLIN) 17982
650 #0 - SUBJECT ADDED ENTRY--TOPICAL TERM
Topical term or geographic name entry element Logic design.
9 (RLIN) 17983
856 41 - ELECTRONIC LOCATION AND ACCESS
Materials specified Table of contents only
Uniform Resource Identifier <a href="http://www.loc.gov/catdir/toc/fy0710/2007274820.html">http://www.loc.gov/catdir/toc/fy0710/2007274820.html</a>
942 ## - ADDED ENTRY ELEMENTS (KOHA)
Source of classification or shelving scheme
Koha item type Book
Holdings
Withdrawn status Lost status Source of classification or shelving scheme Damaged status Not for loan Permanent Location Current Location Shelving location Date acquired Full call number Barcode Date last seen Price effective from Koha item type Public note
          Military College of Signals (MCS) Military College of Signals (MCS) General Stacks 12/12/2016 621.395,MAN MCS34813 12/08/2016 12/12/2016 Book Almirah No.40, Shelf No.3
© 2023 Central Library, National University of Sciences and Technology. All Rights Reserved.